000 00874nam a22002177a 4500
010 _a329827
020 _c00.00
035 _a329827
037 _bCen Lib/Ret
040 _aDPL
_bEN
082 _a020
_bWHI
245 _aBases of modern librarianship /
_cedited by Carl M. White
_bA study of library thoery and practice in britain, canada, denmark, the federal republic of germany and the united states
260 _aLondon
_bPergamon Press LTD.
_c1964
270 _aHeadington Hill Hall, Oxford 4 & 5 Fitzeroy Square
_bLondon
300 _a(v 1 ,126p.)
_b26cm.
500 _aInternational series of monographs on library and information science general editor: G. Chandler Volume 1 Bases of modern librarianship
650 _a Bibliothconomie. .
650 _a Bibliothèques.
700 _aWhite , Carl M.
942 _2ddc
_cEN
_h020
_mWHI
999 _c136904
_d136904